Missing Word: Famous Russian People Quiz Stats

 Plays Quiz Updated Sep 8, 2017

Score 0/20 Timer 05:00
0 Plays Today
Person Missing Word % Correct
____ the TerribleIvan
94.1%
Leo _______Tolstoy
85.3%
____ GagarinYuri
82.2%
_________ the GreatCatherine
76.2%
Vladimir _____Lenin
75.2%
____ StravinskyIgor
72.6%
___ BrynnerYul
72.4%
Fyodor ___________Dostoyevsky
66.2%
____ OvechkinAlex
63.6%
Grigori ________Rasputin
61.9%
Person Missing Word % Correct
____ PavlovaAnna
59.1%
Ivan ______Pavlov
55.3%
Pyotr ___________Tchaikovsky
54.5%
Dmitri _________Mendeleev
51.6%
Nikita __________Khrushchev
47.6%
Alexander _______Pushkin
35%
______ EisensteinSergei
28.6%
_________ TereshkovaValentina
25.5%
_______ KandinskyWassily
20.5%
Alexander ______Nevsky
18.3%

Today's Daily Dose

You're not logged in!

Compare scores with friends on all Sporcle quizzes.
OR
Log In

Show Comments

Extras

Top Quizzes Today


Score Distribution

Your Account Isn't Verified!

In order to create a playlist on Sporcle, you need to verify the email address you used during registration. Go to your Sporcle Settings to finish the process.

Report this User

Report this user for behavior that violates our Community Guidelines.

Details: